| Tag |
First Indicator |
Second Indicator |
Subfields |
| LEADER |
00000cas a2200000 a 4500 |
| 001 |
in00000015518 |
| 005 |
20151007052532.0 |
| 008 |
870730d19881988miuar1 r 0uuua0eng d |
| 010 |
|
|
|a 87644284
|z 8701945
|
| 022 |
0 |
|
|a 0894-9476
|
| 035 |
|
|
|a (OCoLC)16318522
|
| 035 |
|
|
|9 AAA8188AM
|
| 040 |
|
|
|a NSD
|c NSD
|d DLC
|d HUL
|d DLC
|d IUL
|d UtOrBLW
|
| 042 |
|
|
|a nsdp
|a lc
|
| 043 |
|
|
|a n-us---
|
| 049 |
|
|
|a TXAE
|
| 050 |
0 |
0 |
|a LB2331.72
|b .F34
|
| 210 |
0 |
|
|a Fac. dir. high. educ.
|
| 222 |
|
0 |
|a Faculty directory of higher education
|
| 245 |
0 |
0 |
|a Faculty directory of higher education.
|
| 264 |
|
1 |
|a Detroit, Mich. :
|b Gale Research Co.,
|c [1988-]
|
| 264 |
|
4 |
|c ©1988-
|
| 300 |
|
|
|a volumes ;
|c 29 cm.
|
| 310 |
|
|
|a Annual
|
| 336 |
|
|
|a text
|b txt
|2 rdacontent
|
| 337 |
|
|
|a unmediated
|b n
|2 rdamedia
|
| 338 |
|
|
|a volume
|b nc
|2 rdacarrier
|
| 362 |
0 |
|
|a [1st ed.] (1988).
|
| 500 |
|
|
|a "A twelve-volume subject-classified directory providing names, addresses, and titles of courses taught for more than 600,000 teaching faculty at more than 3,100 U.S. colleges, universities, and community colleges and at 220 selected Canadian institutions."
|
| 650 |
|
0 |
|a College teachers
|z United States
|x Directories.
|
| 710 |
2 |
|
|a Gale Research Company.
|
| 785 |
0 |
0 |
|t Faculty white pages
|x 1040-1288 (DLC)sn 88002981 (OCoLC)18330696
|
| 948 |
|
|
|a t1
|
| 999 |
|
|
|a MARS
|
| 999 |
f |
f |
|s ed478d6e-6c68-3a54-b2c7-b6551b60e14d
|i d9795ee2-629f-3700-9712-ea352f68a1bf
|t 0
|
| 952 |
f |
f |
|p ric
|a Texas A&M University
|b Rellis Campus
|c Joint Library Facility
|d Remote Storage
|t 0
|e LB2331.72 .F34
|h Library of Congress classification
|i unmediated -- volume
|k 1988:v.5
|m A14811319273
|
| 952 |
f |
f |
|p ric
|a Texas A&M University
|b Rellis Campus
|c Joint Library Facility
|d Remote Storage
|t 0
|e LB2331.72 .F34
|h Library of Congress classification
|i unmediated -- volume
|k 1988:v.12:pt.2
|m A14811318934
|
| 952 |
f |
f |
|p ric
|a Texas A&M University
|b Rellis Campus
|c Joint Library Facility
|d Remote Storage
|t 0
|e LB2331.72 .F34
|h Library of Congress classification
|i unmediated -- volume
|k 1988:v.3
|m A14811319176
|
| 952 |
f |
f |
|p ric
|a Texas A&M University
|b Rellis Campus
|c Joint Library Facility
|d Remote Storage
|t 0
|e LB2331.72 .F34
|h Library of Congress classification
|i unmediated -- volume
|k 1988:v.10
|m A14811319477
|
| 952 |
f |
f |
|p ric
|a Texas A&M University
|b Rellis Campus
|c Joint Library Facility
|d Remote Storage
|t 0
|e LB2331.72 .F34
|h Library of Congress classification
|i unmediated -- volume
|k 1988:v.11
|m A14811318837
|
| 952 |
f |
f |
|p ric
|a Texas A&M University
|b Rellis Campus
|c Joint Library Facility
|d Remote Storage
|t 0
|e LB2331.72 .F34
|h Library of Congress classification
|i unmediated -- volume
|k 1988:v.4
|m A14811319223
|
| 952 |
f |
f |
|p ric
|a Texas A&M University
|b Rellis Campus
|c Joint Library Facility
|d Remote Storage
|t 0
|e LB2331.72 .F34
|h Library of Congress classification
|i unmediated -- volume
|k 1988:v.2
|m A14811319126
|
| 952 |
f |
f |
|p ric
|a Texas A&M University
|b Rellis Campus
|c Joint Library Facility
|d Remote Storage
|t 0
|e LB2331.72 .F34
|h Library of Congress classification
|i unmediated -- volume
|k 1988:v.6
|m A14811318269
|
| 952 |
f |
f |
|p ric
|a Texas A&M University
|b Rellis Campus
|c Joint Library Facility
|d Remote Storage
|t 0
|e LB2331.72 .F34
|h Library of Congress classification
|i unmediated -- volume
|k 1988:v.7
|m A14811319320
|
| 952 |
f |
f |
|p ric
|a Texas A&M University
|b Rellis Campus
|c Joint Library Facility
|d Remote Storage
|t 0
|e LB2331.72 .F34
|h Library of Congress classification
|i unmediated -- volume
|k 1988:v.1
|m A14811324391
|
| 952 |
f |
f |
|p ric
|a Texas A&M University
|b Rellis Campus
|c Joint Library Facility
|d Remote Storage
|t 0
|e LB2331.72 .F34
|h Library of Congress classification
|i unmediated -- volume
|k 1988:v.12:pt.1
|m A14811318887
|
| 952 |
f |
f |
|p ric
|a Texas A&M University
|b Rellis Campus
|c Joint Library Facility
|d Remote Storage
|t 0
|e LB2331.72 .F34
|h Library of Congress classification
|i unmediated -- volume
|k 1988:v.8
|m A14811319370
|
| 952 |
f |
f |
|p ric
|a Texas A&M University
|b Rellis Campus
|c Joint Library Facility
|d Remote Storage
|t 0
|e LB2331.72 .F34
|h Library of Congress classification
|i unmediated -- volume
|k 1988:v.9
|m A14811319427
|
| 998 |
f |
f |
|a LB2331.72 .F34
|s v.1-12 (1988)
|t 0
|l Remote Storage
|